000 00270nam a22001217a 4500
008 170130b xxu||||| |||| 00| 0 eng d
041 _aeng
080 _22ND
_a61
100 _a3
101 _aSHM
245 _aHEALTH FOR COLLEGE STUDENTS
_cHICKMAN, C.P
942 _2udc
_cBK
999 _c3943
_d3943